| 000 | 02542cam a22005654i 4500 | ||
|---|---|---|---|
| 003 | PE-LiUPU | ||
| 005 | 20250731180128.0 | ||
| 008 | 150625s1984 ag a r 000 0 spa d | ||
| 035 | _a(Sirsi) a33253 | ||
| 040 |
_aPE-LiUPU _bspa _cPE-LiUPU _erda |
||
| 049 | _aPRUA | ||
| 082 | 0 | 4 |
_a547 _bV61 _221 |
| 100 | 1 |
_aVidal, Jorge, _eautor. |
|
| 245 | 1 | 0 |
_aCurso de química orgánica y nociones de química biológica / _cJorge Vidal. |
| 250 | _a20a. edición. | ||
| 264 | 1 |
_aBuenos Aires : _bStella Viamonte, _c1984. |
|
| 300 |
_a594 páginas : _bilustraciones ; _c22 centímetros |
||
| 336 |
_atext _2rdacontent |
||
| 337 |
_aunmediated _2rdamedia |
||
| 338 |
_avolume _2rdacarrier |
||
| 504 | _aÍndice: páginas ix-xv. | ||
| 505 | 0 | _aConceptos iniciales -- Especies químicas orgánicas -- Análisis inmediato y elemental -- Formulas empíricas-pesos moleculares -- Funciones orgánicas-isomería -- Hidrocarburos -- La hulla -- Petróleo -- Alcoholes -- Fermentación -- Aldehídos y cetonas -- Hidratos de carbono o glúcidos -- Ácidos orgánicos -- Industria de la madera -- Anhídridos, éteres y esteres -- Funciones nitrogenadas: amina, amida, nitrilo -- Compuestos cíclicos -- Proteínas (prótidos) -- Alcaloides y heterópsidos o glucósidos -- Química biológica. | |
| 526 | _aSEG44 | ||
| 526 | _aSEG26 | ||
| 526 | _aP159 | ||
| 526 | _aP155 | ||
| 526 | _aP154 | ||
| 526 | _aP153 | ||
| 526 | _aP150 | ||
| 526 | _aP100 | ||
| 526 | _aP31 | ||
| 526 | _aP30 | ||
| 526 | _aP26 | ||
| 526 | _aP25 | ||
| 526 | _aP24 | ||
| 526 | _aP22 | ||
| 526 | _aP15 | ||
| 526 | _aP10 | ||
| 650 | 0 | 4 |
_aQuímica orgánica. _92142 |
| 910 |
_adbm _bncf _cncf _d20190425 |
||
| 942 |
_2ddc _cBOOK |
||
| 949 |
_a547 V61 _wDEWEY _c1 _i12990 _lCCODEBUL1 _mBUL _p00.00 _r0 _sY _tBOOK _u2015-06-25 _xBIBLIOTECA _zUNKNOWN _0COMPRA _o.STAFF. Colección Ingeniería y Arquitectura |
||
| 949 |
_a547 V61 _wDEWEY _c2 _i05110 _lCCODEBUL1 _mBUL _p00.00 _r0 _sY _tBOOK _u2015-06-25 _xBIBLIOTECA _zUNKNOWN _0COMPRA _o.STAFF. Colección General |
||
| 994 |
_aC0 _bPEPRU |
||
| 596 | _a1 | ||
| 999 |
_a547 V61 _wDEWEY _c40981 _i12990 _d40981 _e2018-11-14 _f2021-11-5 _g8 _lCCODEBUL1 _mBUL _n5 _p26.60 _q1 _r0 _sY _tBOOK _u2015-6-25 _xBIBLIOTECA _PP26 _0COMPRA _o.STAFF. Colección Ingeniería y Arquitectura |
||
| 999 |
_a547 V61 _wDEWEY _c2 _i05110 _lDISCARD _mBUL _r0 _sY _tBOOK _u2015-6-25 _xINGENIERIA _zUNKNOWN _0COMPRA _o.STAFF. Colección General |
||
| 980 |
_81 _gALBERTO SANCHEZ Responsable de Automatización |
||